| 000 | 01420naa a2200217 i 4500 | ||
|---|---|---|---|
| 001 | 3583 | ||
| 003 | KOSZ 005 | ||
| 005 | 20190610114322.0 | ||
| 008 | 150204s2008 pl n f |000 0pol | ||
| 040 |
_cBPK _dKOSZ 005/EG |
||
| 080 | _a621.791/.795 | ||
| 100 | 1 |
_aBORKOWSKI, Przemysław. _d1996 - 2013. _bPolitechnika Koszalińska - Centrum Niekonwencjonalnych Technologii Hydrostrumieniowych |
|
| 245 | 1 | 0 |
_aUrządzenia i osprzęt do czyszczenia powierzchni blach okrętowych ultra wysokociśnieniową strugą wodną / _cPrzemysław Borkowski, Józef Borkowski. |
| 500 | _aDane z autopsji. | ||
| 520 | _aW niniejszym artykule zaprezentowano całokształt zagadnień związanych z racjonalnym wykorzystaniem nowoczesnych urządzeń technologicznych i wysokociśnieniowego osprzętu stosowanego do manualnej i zmechanizowanej realizacji technologii hydrostrumieniowej. | ||
| 650 | 0 | _aObróbka wodno-ścierna. | |
| 650 | 0 | _aInżynieria powierzchni | |
| 700 | 1 |
_aBORKOWSKI, Józef. _d1996 - . _bPolitechnika Koszalińska - Centrum Niekonwencjonalnych Technologii Hydrostrumieniowych |
|
| 773 | 0 |
_iW : _tWysokociśnieniowe technologie hydrostrumieniowe / pod red. Józefa A. Borkowskiego, Przemysława J. Borkowskiego. - _dKoszalin : Wydaw. Uczelniane Politechniki Koszalińskiej, 2008. - _gs. 191-202 _kMonografia / Instytut Niekonwencjonalnych Technologii Hydrostrumieniowych ; nr 154 |
|
| 942 |
_cROZ _2UKD |
||
| 999 |
_c3583 _d3583 |
||